| 000 | 00698cab a2200229 4500 | ||
|---|---|---|---|
| 001 | WB3203-18 | ||
| 008 | 090401t1996 xxu||||| |||| 00| 0 eng d | ||
| 035 | _a(Sirsi) u1932 | ||
| 041 | _aeng | ||
| 245 | _aPair face ruin over mortgage dispute | ||
| 260 | _c1996 | ||
| 350 | _a0 | ||
| 490 |
_aIndependent _v15 January 1996, 5(1) |
||
| 520 | _aA couple who successfully sued Lloyds Bank over bad mortgage advice have had to go back to court to defend a counter claim. | ||
| 650 | _aBANK LOAN | ||
| 650 | _aMORTGAGE ADVICE | ||
| 650 | _aNEGLIGENCE | ||
| 650 | _aVERITY AND SPINDLER V LLOYDS BANK | ||
| 690 | _aPROPERTY-PROPERTY FINANCE AND INVESTMENT | ||
| 942 | _n0 | ||
| 948 | _c04/03/1997 | ||
| 999 |
_c1136 _d1136 |
||